Tisciana Hungarica 1957-1969
Elmentve itt :
| Szerző: | |
|---|---|
| Dokumentumtípus: | Cikk |
| Megjelent: |
1972
|
| Sorozat: | Tiscia
|
| Kulcsszavak: | Természettudomány |
| Online Access: | http://acta.bibl.u-szeged.hu/9709 |
| LEADER | 00559nab a2200181 i 4500 | ||
|---|---|---|---|
| 001 | acta9709 | ||
| 005 | 20210323132234.0 | ||
| 008 | 161015s1972 hu o 0|| eng d | ||
| 022 | |a 0563-587X | ||
| 040 | |a SZTE Egyetemi Kiadványok Repozitórium |b hun | ||
| 041 | |a eng | ||
| 100 | 1 | |a Marián Miklós | |
| 245 | 1 | 0 | |a Tisciana Hungarica 1957-1969 |h [elektronikus dokumentum] / |c Marián Miklós |
| 260 | |c 1972 | ||
| 300 | |a 89-92 | ||
| 490 | 0 | |a Tiscia | |
| 695 | |a Természettudomány | ||
| 856 | 4 | 0 | |u http://acta.bibl.u-szeged.hu/9709/1/tiscia_007_089-092.pdf |z Dokumentum-elérés |